Welcome to the Holygrace Academy Library

Please use search bar below to get started

ANUVADH VIKNJAN (Record no. 4506)

MARC details
000 -LEADER
fixed length control field 00262nam a22001217a 4500
082 ## - DEWEY DECIMAL CLASSIFICATION NUMBER
Classification number 494
Item number THI/A
100 ## - MAIN ENTRY--AUTHOR NAME
Personal name THIVARI,BHOLANADH
245 ## - TITLE STATEMENT
Title ANUVADH VIKNJAN
260 ## - PUBLICATION, DISTRIBUTION, ETC. (IMPRINT)
Place of publication DELHI
Name of publisher KITHABH KHAR PRAKASHAN
300 ## - PHYSICAL DESCRIPTION
Number of Pages 195
650 ## - SUBJECT ADDED ENTRY--TOPICAL TERM
Topical Term GRAMMAR
Geographic subdivision DELHI
942 ## - ADDED ENTRY ELEMENTS (KOHA)
Koha item type Books
Holdings
Withdrawn status Lost status Collection code Home library Current library Shelving location Date acquired Source of acquisition Full call number Accession Number Koha item type
    Reference Main Library Main Library   24/10/2006 PURCHASE 494 THI/A 01217 Books